Oil and insurgency in the Niger Delta : (Record no. 126966)

MARC details
000 -LEADER
fixed length control field 00835cam a2200241Ia 4500
008 - FIXED-LENGTH DATA ELEMENTS--GENERAL INFORMATION
fixed length control field
020 ## - INTERNATIONAL STANDARD BOOK NUMBER
International Standard Book Number 9781848138070 (pbk.)
049 ## - LOCAL HOLDINGS (OCLC)
Holding library MAIN
090 ## - LOCALLY ASSIGNED LC-TYPE CALL NUMBER (OCLC); LOCAL CALL NUMBER (RLIN)
Classification number (OCLC) (R) ; Classification number, CALL (RLIN) (NR) HD9577.N52
Local cutter number (OCLC) ; Book number/undivided call number, CALL (RLIN) OIL
003 - CONTROL NUMBER IDENTIFIER
control field
005 - DATE AND TIME OF LATEST TRANSACTION
control field 20230123122042.0
040 ## - CATALOGING SOURCE
Transcribing agency NUST
245 00 - TITLE STATEMENT
Title Oil and insurgency in the Niger Delta :
Remainder of title managing the complex politics of petro-violence /
Statement of responsibility, etc. edited by Cyril Obi and Siri Aas Rustad.
260 ## - PUBLICATION, DISTRIBUTION, ETC.
Place of publication, distribution, etc. London :
Name of publisher, distributor, etc. Zed Books,
Date of publication, distribution, etc. c2011.
300 ## - PHYSICAL DESCRIPTION
Extent ix, 255 p. :
Other physical details ill., maps ;
Dimensions 24 cm.
490 1# - SERIES STATEMENT
Series statement Africa now.
650 #0 - SUBJECT ADDED ENTRY--TOPICAL TERM
Topical term or geographic name entry element Petroleum industry and trade
General subdivision Political aspects
Geographic subdivision Nigeria
-- Niger River Delta.
650 #0 - SUBJECT ADDED ENTRY--TOPICAL TERM
Topical term or geographic name entry element Insurgency
Geographic subdivision Nigeria
-- Niger River Delta.
700 1# - ADDED ENTRY--PERSONAL NAME
Personal name Obi, C. I.
700 1# - ADDED ENTRY--PERSONAL NAME
Personal name Rustad, Siri Aas.
907 ## - LOCAL DATA ELEMENT G, LDG (RLIN)
a .b10337908
b 13-01-14
c 18-11-13
942 ## - ADDED ENTRY ELEMENTS (KOHA)
Koha item type Ordinary Loan Books
Call number prefix HD9577.N52
Call number suffix OIL
Holdings
Date last seen Total Checkouts Full call number Barcode Cost, replacement price Price effective from Koha item type Lost status Source of classification or shelving scheme Damaged status Not for loan Collection Withdrawn status Home library Current library Shelving location Date acquired Cost, normal purchase price
01/23/2023   HD9577.N52 OBI 92004040614 80.00 01/23/2023 BOOKS   lcc     NFIC   MAIN MAIN GEN 01/23/2023 80.00